000 01329nam a22003737a 4500
003 CHAP
005 20220329135615.0
008 971013s1990 r 00010 d
010 _a39217
011 _a40189
035 _a44314
040 _cCHAP
090 _aTesis
100 0 0 _aJiménez Santillán, Guadalupe Javier.
_961645
245 _aCapitalismo, agricultura y comunidad (El caso de Atlautla de Victoria, México
260 _aChapingo, Méx. :
_bEl autor,
_c1990
300 _a69 h.
502 _aTesis (Ing. Agr. Esp. en Sociología Rural) -- UACH. Departamento de Sociología Rural
590 _aALEPH
_b10
_c20130110
_lUCH01
_h1306
590 _aBATCH-UPD
_b10
_c20130109
_lUCH01
_h2331
590 _aBATCH-UPD
_b10
_c20130110
_lUCH01
_h1147
590 _aBATCH-UPD
_b10
_c20130410
_lUCH01
_h0732
590 _aBATCH-UPD
_b10
_c20130914
_lUCH01
_h0827
590 _aCONVERSION
_b10
_c20130109
_lUCH01
_h1322
650 1 4 _aAgricultura
_zMexico (Edo.).
_91934
650 1 4 _aCampesinado
_xMéxico (Edo.)
_918026
650 1 4 _aCapital en agricultura.
_918710
650 1 4 _zMéxico (Edo.)
_xCondiciones rurales.
_9124376
700 0 _aRodríguez Maldonado, Juvenal.
_998670
901 _aBK
942 _cFOLL
949 _bBC
_cTES
_d-101537
_eTS1
_h27587
_i44314
_si
949 _bBC
_cTES
_d-101538
_eTS2
_fc.2
_h27588
_i44314
_si
999 _c39217
_d39217